Our Faithful Ally the Nizam (Record no. 11232)

MARC details
000 -LEADER
fixed length control field 00640nam a2200265 a 4500
020 ## - INTERNATIONAL STANDARD BOOK NUMBER
ISBN
082 00 - DEWEY DECIMAL CLASSIFICATION NUMBER
Classification number 954.84
Author Cutter FRA
100 ## - MAIN ENTRY--AUTHOR NAME
Author name Fraser, Hastings
245 ## - TITLE STATEMENT
Title Our Faithful Ally the Nizam
260 ## - PUBLICATION, DISTRIBUTION, ETC. (IMPRINT)
Place of publication Delhi
Name of publisher Modern Pub. House
Year of publication 1985
300 ## - PHYSICAL DESCRIPTION
Number of Pages 506p
500 ## - GENERAL NOTE
General note includes index and biblioraphy
505 2# - FORMATTED CONTENTS NOTE
Formatted contents note Index
650 ## - SUBJECT ADDED ENTRY--TOPICAL TERM
Topical Term Hyderabad-History
650 ## - SUBJECT ADDED ENTRY--TOPICAL TERM
Topical Term Nizams-History
650 ## - SUBJECT ADDED ENTRY--TOPICAL TERM
Topical Term Deccan-History
942 ## - ADDED ENTRY ELEMENTS (KOHA)
Koha item type Books
700 1# -
-- Fraser, Hastings
Holdings
Collection code Home library Current library Date acquired Cost, normal purchase price Full call number Accession Number Koha item type
  Henry Martyn Institute Library Henry Martyn Institute Library 04/10/2007 300.00 954.84 FRA 018026 Books
                   Copyright © 2026 | Henry Martyn Institute | Hyderabad | TS-500052 | INDIA | Implemented by hmi.edu.in
Hit-Count:

Powered by Koha